000
00243nam a2200109Ia 4500
008
200302s9999 xx 000 0 und d
100
_a
Gopala Krishna Bhat
245
_a
Road to Resilience
260
_b
Taru
260
_c
2015
300
_a
131 P.,
999
_c
5852
_d
5852